00925cam a22003014a 45000010009000000050017000090080041000260100017000670160020000840200022001040200018001260350023001440350020001670400052001870410008002390420008002470800012002550820016002671000006002831010008002892450046002972460039003435040051003829060045004339420012004789990017004909520116005071425661620180823085435.0060207s2006 mou bf 001 0 eng  a 20060425577 a1012689982DNLM a0721679757 (pbk.) a9780721679754 a(OCoLC)ocm64067574 a(OCoLC)64067574 aDNLM/DLCcDLCdYDXdNLMdBAKERdMUQdYDXCPdDLC aeng apcc a616.07500a616.075222 a3 aSHM00aTietz clinical guide to laboratory tests.30aClinical guide to laboratory tests aIncludes bibliographical references and index. a7bcbccorignewd1eocipf20gy-gencatlg 2ddccBK c47290d47290 00102lcc40708PËKGa002b002cPËKGd2018-08-23l0o616.075 ALAp002-3012039r2018-08-23w2018-08-23yBK